00753nam a2200193 a 450000100100000000500170001000800410002702000150006804000250008310000450010824501520015326000770030530000160038249000180039850000730041650000210048950400340051083000150054400003933020201002031611.0130624s1999 dr 000 0 spa d a8400078594 aDO-SdBNPbspacBNPHU1 aFernández Jiménez, Francisco María13aEl humanismo Bizantino en San Simeón el nuevo teólogo :bla renovación de la mística bizantina /cFrancisco María Fernández Jiménez,. aMadrid :bConsejo su Superior de Investigación Científicas :,c1999. axvi, 303 p.1 aNueva Romav8 aIncluye referencias bibliográficas y notas al pie de las páginas aIncluye índice aBibliografía : 287 -2195 p. 0aNueva Roma